<?xml version="1.0" encoding="UTF-8"?>
<record
    xmlns:xsi="http://www.w3.org/2001/XMLSchema-instance"
    xsi:schemaLocation="http://www.loc.gov/MARC21/slim http://www.loc.gov/standards/marcxml/schema/MARC21slim.xsd"
    xmlns="http://www.loc.gov/MARC21/slim">

  <leader>01618nam a22002177a 4500</leader>
  <controlfield tag="005">20250215162052.0</controlfield>
  <controlfield tag="008">250215b           ||||| |||| 00| 0 eng d</controlfield>
  <datafield tag="020" ind1=" " ind2=" ">
    <subfield code="a">9781032608365</subfield>
  </datafield>
  <datafield tag="040" ind1=" " ind2=" ">
    <subfield code="c">AL</subfield>
  </datafield>
  <datafield tag="041" ind1=" " ind2=" ">
    <subfield code="a">eng</subfield>
  </datafield>
  <datafield tag="082" ind1=" " ind2=" ">
    <subfield code="2">23</subfield>
    <subfield code="a">338.5024</subfield>
    <subfield code="b">PNGM</subfield>
  </datafield>
  <datafield tag="100" ind1=" " ind2=" ">
    <subfield code="a">Ivan,Png</subfield>
    <subfield code="9">200133</subfield>
  </datafield>
  <datafield tag="245" ind1=" " ind2=" ">
    <subfield code="a">Managerial economics</subfield>
  </datafield>
  <datafield tag="250" ind1=" " ind2=" ">
    <subfield code="a">6th ed.</subfield>
  </datafield>
  <datafield tag="260" ind1=" " ind2=" ">
    <subfield code="a">London</subfield>
    <subfield code="b">Routledge</subfield>
    <subfield code="c">2024</subfield>
  </datafield>
  <datafield tag="300" ind1=" " ind2=" ">
    <subfield code="a">xv,323p.</subfield>
    <subfield code="b">PB</subfield>
    <subfield code="c">24x17cm.</subfield>
  </datafield>
  <datafield tag="365" ind1=" " ind2=" ">
    <subfield code="2">General</subfield>
    <subfield code="a">6383</subfield>
    <subfield code="b">&#x20B9;876.00</subfield>
    <subfield code="c">&#x20B9;</subfield>
    <subfield code="d">&#x20B9;1095.00</subfield>
    <subfield code="e">20%</subfield>
    <subfield code="f">06/02/2025</subfield>
  </datafield>
  <datafield tag="520" ind1=" " ind2=" ">
    <subfield code="a">Now in its sixth edition, Ivan Png's Managerial Economics has been extensively revised with an introductory chapter emphasizing decision-making and behavioral biases, intensive application to current business and economic issues including technology, globalization, and pandemics, a closing chapter highlighting business responses to climate change, a streamlined presentation focusing on the economics that managers need to know. As always, the text presents the key concepts of microeconomics intuitively, without sophisticated mathematics. Throughout, it emphasizes actual management applications. The new sixth edition is updated with fresh up-to-date vignettes and discussion questions from all over the world and enhanced with detailed instructor supplements. It is an ideal text for any course focusing on the practical application of microeconomic principles to management. The book provides truly useful economics for managers. In the words of one professor, "I can use your book for serious conversation with adult students."
</subfield>
  </datafield>
  <datafield tag="650" ind1=" " ind2=" ">
    <subfield code="2">Economics</subfield>
    <subfield code="a">Production&#x2009;</subfield>
    <subfield code="9">200134</subfield>
  </datafield>
  <datafield tag="942" ind1=" " ind2=" ">
    <subfield code="2">ddc</subfield>
    <subfield code="c">BK</subfield>
  </datafield>
  <datafield tag="999" ind1=" " ind2=" ">
    <subfield code="c">233806</subfield>
    <subfield code="d">233806</subfield>
  </datafield>
  <datafield tag="952" ind1=" " ind2=" ">
    <subfield code="0">0</subfield>
    <subfield code="1">0</subfield>
    <subfield code="2">ddc</subfield>
    <subfield code="4">0</subfield>
    <subfield code="7">0</subfield>
    <subfield code="8">ECO</subfield>
    <subfield code="a">SACPG</subfield>
    <subfield code="b">SACPG</subfield>
    <subfield code="d">2025-02-11</subfield>
    <subfield code="e">Biblios Book Point</subfield>
    <subfield code="g">876.00</subfield>
    <subfield code="l">0</subfield>
    <subfield code="o">338.5024 PNGM</subfield>
    <subfield code="p">PG024922</subfield>
    <subfield code="r">2025-02-15 00:00:00</subfield>
    <subfield code="v">1095.00</subfield>
    <subfield code="w">2025-06-02</subfield>
    <subfield code="y">BK</subfield>
  </datafield>
</record>
